[Event "DEM U10 2021"]
[Site "Willingen GER"]
[Date "2021.08.26"]
[Round "7"]
[White "Vranckx, Oscar"]
[Black "Prashanthakumar, Arju"]
[Result "1/2-1/2"]
[Termination "normal"]
[Board "15"]
[WhiteElo "1300"]
[BlackElo "953"]
[WhiteClock "00:56:09"]
[BlackClock "00:20:23"]
[PlyCount "111"]
[WhiteFideId "34608788"]
[BlackFideId "34604065"]
[EventCountry "GER"]
[EventRounds "11"]
[EventType "swiss"]
[EventDate "2021.08.22"]

1. e4 {[%clk 01:15:59]} e5 {[%clk 01:15:46]} {[%emt 00:00:14]} 2. Nf3 {[%clk
01:16:01]} {[%emt 00:00:28]} Nc6 {[%clk 01:16:01]} {[%emt 00:00:15]} 3. d4
{[%clk 01:16:01]} {[%emt 00:00:30]} exd4 {[%clk 01:16:10]} {[%emt 00:00:20]} 4.
Nxd4 {[%clk 01:16:20]} {[%emt 00:00:12]} Bc5 {[%clk 01:16:18]} {[%emt
00:00:22]} 5. Be3 {[%clk 01:16:43]} {[%emt 00:00:07]} Qf6 {[%clk 01:16:22]}
{[%emt 00:00:25]} 6. c3 {[%clk 01:17:07]} {[%emt 00:00:07]} Nge7 {[%clk
01:16:14]} {[%emt 00:00:37]} 7. g3 {[%clk 01:17:26]} {[%emt 00:00:12]} h5
{[%clk 01:16:06]} {[%emt 00:00:37]} 8. f4 {[%clk 01:16:34]} {[%emt 00:01:23]}
Bb6 {[%clk 01:12:05]} {[%emt 00:04:31]} 9. Qd2 {[%clk 01:15:50]} {[%emt
00:01:15]} d6 {[%clk 01:10:30]} {[%emt 00:02:05]} 10. Na3 {[%clk 01:15:46]}
{[%emt 00:00:33]} a6 {[%clk 01:10:18]} {[%emt 00:00:42]} 11. O-O-O {[%clk
01:11:57]} {[%emt 00:04:19]} Bd7 {[%clk 01:09:58]} {[%emt 00:00:50]} 12. Nac2
{[%clk 01:12:07]} {[%emt 00:00:21]} O-O-O {[%clk 01:09:33]} {[%emt 00:00:55]}
13. Bd3 {[%clk 01:12:10]} {[%emt 00:00:26]} Rhe8 {[%clk 01:07:39]} {[%emt
00:02:23]} 14. Qf2 {[%clk 01:12:04]} {[%emt 00:00:36]} Nxd4 {[%clk 01:03:39]}
{[%emt 00:04:32]} 15. Nxd4 {[%clk 01:11:59]} {[%emt 00:00:31]} g6 {[%clk
01:02:58]} {[%emt 00:01:14]} 16. Rhe1 {[%clk 01:10:04]} {[%emt 00:02:25]} Kb8
{[%clk 01:02:35]} {[%emt 00:00:53]} 17. Qg2 {[%clk 01:08:12]} {[%emt 00:02:19]}
Bg4 {[%clk 01:01:27]} {[%emt 00:01:40]} 18. Rd2 {[%clk 01:08:24]} {[%emt
00:00:19]} Ka8 {[%clk 00:55:03]} {[%emt 00:06:54]} 19. h3 {[%clk 01:08:05]}
{[%emt 00:00:48]} Bd7 {[%clk 00:55:11]} {[%emt 00:00:23]} 20. Bxa6 {[%emt
00:01:29]} Bxh3 {[%clk 00:51:14]} {[%emt 00:04:25]} 21. Qh1 {[%clk 01:07:20]}
{[%emt 00:00:15]} Bc8 {[%clk 00:51:29]} {[%emt 00:00:18]} 22. Nb5 {[%clk
01:06:44]} {[%emt 00:01:05]} Bxe3 {[%clk 00:49:52]} {[%emt 00:02:08]} 23. Rxe3
{[%clk 01:06:36]} {[%emt 00:00:39]} Kb8 {[%clk 00:49:44]} {[%emt 00:00:37]} 24.
Nd4 {[%clk 01:03:35]} {[%emt 00:03:31]} bxa6 {[%clk 00:48:53]} {[%emt
00:01:21]} 25. e5 {[%clk 01:03:01]} {[%emt 00:01:04]} dxe5 {[%clk 00:48:24]}
{[%emt 00:00:59]} 26. Rxe5 {[%clk 01:03:16]} {[%emt 00:00:15]} Bb7 {[%clk
00:47:56]} {[%emt 00:00:57]} 27. Qe1 {[%clk 01:03:09]} {[%emt 00:00:39]} Rd5
{[%clk 00:45:37]} {[%emt 00:02:47]} 28. Re3 {[%clk 01:01:53]} {[%emt 00:01:47]}
c5 {[%clk 00:44:21]} {[%emt 00:01:46]} 29. Nb3 {[%clk 01:01:38]} {[%emt
00:00:45]} Rxd2 {[%clk 00:44:31]} {[%emt 00:00:21]} 30. Qxd2 {[%clk 01:01:57]}
{[%emt 00:00:10]} Qc6 {[%clk 00:41:50]} {[%emt 00:03:08]} 31. Na5 {[%clk
01:00:32]} {[%emt 00:01:59]} Qc8 {[%clk 00:40:01]} {[%emt 00:02:13]} 32. Qe2
{[%clk 00:57:56]} {[%emt 00:03:06]} Qc7 {[%clk 00:38:26]} {[%emt 00:02:06]} 33.
Nc4 {[%clk 00:57:59]} {[%emt 00:00:31]} Bd5 {[%clk 00:34:44]} {[%emt 00:04:11]}
34. Ne5 {[%clk 00:57:31]} {[%emt 00:00:59]} Kb7 {[%clk 00:32:16]} {[%emt
00:02:54]} 35. Rd3 {[%clk 00:57:19]} {[%emt 00:00:44]} f6 {[%clk 00:28:51]}
{[%emt 00:03:55]} 36. Nxg6 {[%clk 00:56:25]} {[%emt 00:01:25]} Bc4 {[%clk
00:28:29]} {[%emt 00:00:53]} 37. Qe4+ {[%clk 00:56:27]} {[%emt 00:00:25]} Ka7
{[%clk 00:28:18]} {[%emt 00:00:43]} 38. Rd1 {[%clk 00:56:07]} {[%emt 00:00:50]}
Bf7 {[%clk 00:27:36]} {[%emt 00:01:11]} 39. Nh4 {[%clk 00:55:59]} {[%emt
00:00:40]} Ng6 {[%clk 00:26:45]} {[%emt 00:01:20]} 40. Qa4 {[%clk 00:56:00]}
{[%emt 00:00:30]} Rd8 {[%clk 00:26:02]} {[%emt 00:01:12]} 41. Nf5 {[%clk
00:53:33]} {[%emt 00:02:58]} Rxd1+ {[%clk 00:25:50]} {[%emt 00:00:42]} 42. Kxd1
{[%clk 00:53:32]} {[%emt 00:00:31]} Be6 {[%clk 00:25:05]} {[%emt 00:01:13]} 43.
Ne3 {[%clk 00:53:19]} {[%emt 00:00:44]} Qd7+ {[%clk 00:25:18]} {[%emt
00:00:18]} 44. Qxd7+ {[%clk 00:53:41]} {[%emt 00:00:08]} Bxd7 {[%clk 00:25:37]}
{[%emt 00:00:11]} 45. Nd5 {[%clk 00:53:51]} {[%emt 00:00:21]} Be6 {[%clk
00:23:12]} {[%emt 00:02:51]} 46. Nxf6 {[%clk 00:54:14]} {[%emt 00:00:10]} h4
{[%clk 00:22:33]} {[%emt 00:01:09]} 47. gxh4 {[%clk 00:54:16]} {[%emt
00:00:28]} Nxh4 {[%emt 00:00:17]} 48. Ne4 {[%clk 00:54:28]} {[%emt 00:00:12]}
Kb6 {[%clk 00:22:33]} {[%emt 00:00:48]} 49. a4 {[%clk 00:54:30]} {[%emt
00:00:29]} Bb3+ {[%clk 00:22:08]} {[%emt 00:00:54]} 50. Kd2 {[%clk 00:54:49]}
{[%emt 00:00:08]} Bxa4 {[%clk 00:22:28]} {[%emt 00:00:14]} 51. b4 {[%clk
00:55:10]} {[%emt 00:00:09]} cxb4 {[%clk 00:22:30]} {[%emt 00:00:28]} 52. cxb4
{[%clk 00:55:33]} {[%emt 00:00:07]} Bd7 {[%clk 00:21:38]} {[%emt 00:01:12]} 53.
Nc5 {[%clk 00:55:49]} {[%emt 00:00:24]} Bf5 {[%clk 00:21:19]} {[%emt 00:00:46]}
54. Kc3 {[%clk 00:56:05]} {[%emt 00:00:16]} Ng6 {[%clk 00:20:54]} {[%emt
00:00:53]} 55. Kd4 {[%clk 00:56:04]} {[%emt 00:00:32]} Kb5 {[%clk 00:20:23]}
{[%emt 00:01:02]} 56. Ke3 {[%clk 00:56:09]} {[%emt 00:00:26]} 1/2-1/2

[Event "DEM U10 2021"]
[Site "Willingen GER"]
[Date "2021.08.26"]
[Round "7"]
[White "Zimmer, Tim"]
[Black "Aweh, Mads"]
[Result "0-1"]
[Termination "normal"]
[Board "16"]
[WhiteElo "1013"]
[BlackElo "1452"]
[WhiteClock "00:00:37"]
[BlackClock "00:40:10"]
[PlyCount "48"]
[WhiteFideId "34603115"]
[BlackFideId "34604278"]
[EventCountry "GER"]
[EventRounds "11"]
[EventType "swiss"]
[EventDate "2021.08.22"]

1. e4 {[%clk 01:15:57]} {[%emt 00:00:02]} e6 {[%clk 01:15:25]} {[%emt
00:00:35]} 2. d4 {[%clk 01:15:46]} {[%emt 00:00:41]} d5 {[%clk 01:15:11]}
{[%emt 00:00:43]} 3. exd5 {[%clk 01:15:14]} {[%emt 00:01:03]} exd5 {[%clk
01:15:06]} {[%emt 00:00:35]} 4. Bd3 {[%clk 01:15:33]} {[%emt 00:00:11]} Nc6
{[%clk 01:14:38]} {[%emt 00:00:58]} 5. Nf3 {[%clk 01:11:17]} {[%emt 00:04:47]}
Bd6 {[%clk 01:14:16]} {[%emt 00:00:51]} 6. O-O {[%clk 01:03:17]} {[%emt
00:08:30]} Nge7 {[%clk 01:13:33]} {[%emt 00:01:13]} 7. h3 {[%clk 00:58:52]}
{[%emt 00:04:56]} h6 {[%clk 01:12:25]} {[%emt 00:01:38]} 8. c3 {[%clk
00:56:27]} {[%emt 00:02:55]} Be6 {[%clk 01:10:54]} {[%emt 00:02:00]} 9. Re1
{[%clk 00:54:07]} {[%emt 00:02:51]} Qd7 {[%clk 01:10:50]} {[%emt 00:00:33]} 10.
Nbd2 {[%clk 00:46:48]} {[%emt 00:07:50]} O-O-O {[%clk 01:10:13]} {[%emt
00:01:07]} 11. Ne5 {[%clk 00:41:48]} {[%emt 00:05:29]} Bxe5 {[%clk 01:08:14]}
{[%emt 00:02:29]} 12. dxe5 {[%clk 00:39:18]} {[%emt 00:03:00]} g5 {[%clk
01:06:18]} {[%emt 00:02:26]} 13. Qh5 {[%emt 00:21:15]} Rdg8 {[%clk 01:02:32]}
{[%emt 00:01:31]} 14. Nb3 {[%clk 00:13:41]} {[%emt 00:08:07]} b6 {[%clk
00:58:03]} {[%emt 00:04:58]} 15. Nd4 {[%clk 00:01:29]} {[%emt 00:12:43]} Nxd4
{[%clk 00:57:53]} {[%emt 00:00:41]} 16. cxd4 {[%clk 00:01:51]} {[%emt
00:00:08]} g4 {[%clk 00:57:17]} {[%emt 00:01:06]} 17. Bf4 {[%clk 00:01:22]}
{[%emt 00:00:57]} gxh3 {[%clk 00:56:07]} {[%emt 00:01:40]} 18. Bg3 {[%clk
00:00:52]} {[%emt 00:01:02]} Rg5 {[%clk 00:54:06]} {[%emt 00:02:31]} 19. Qh4
{[%clk 00:00:34]} {[%emt 00:00:47]} Rg4 {[%clk 00:52:55]} {[%emt 00:01:41]} 20.
Qh5 {[%clk 00:00:33]} {[%emt 00:00:31]} Rxd4 {[%clk 00:52:13]} {[%emt
00:01:13]} 21. Ba6+ {[%clk 00:00:33]} {[%emt 00:00:29]} Kb8 {[%clk 00:51:40]}
{[%emt 00:01:02]} 22. f4 {[%clk 00:00:33]} {[%emt 00:00:32]} Rg8 {[%clk
00:40:40]} {[%emt 00:11:29]} 23. Qxh6 {[%clk 00:00:48]} {[%emt 00:00:15]} Rxg3
{[%clk 00:40:10]} {[%emt 00:01:00]} 24. Qf8+ {[%clk 00:00:37]} {[%emt
00:00:41]} Nc8 {[%emt 00:01:03]} 0-1

[Event "DEM U10 2021"]
[Site "Willingen GER"]
[Date "2021.08.26"]
[Round "7"]
[White "Wang, Kaiwen"]
[Black "Senel, Serdar"]
[Result "1-0"]
[Termination "normal"]
[Board "17"]
[WhiteElo "1068"]
[BlackElo "1179"]
[WhiteClock "00:40:11"]
[BlackClock "00:48:09"]
[PlyCount "71"]
[WhiteFideId "16279514"]
[BlackFideId "34608796"]
[EventCountry "GER"]
[EventRounds "11"]
[EventType "swiss"]
[EventDate "2021.08.22"]

1. e4 {[%clk 01:15:59]} e5 {[%clk 01:15:42]} {[%emt 00:00:18]} 2. Nf3 {[%clk
01:16:24]} {[%emt 00:00:05]} Nc6 {[%clk 01:16:04]} {[%emt 00:00:08]} 3. Nc3
{[%clk 01:16:48]} {[%emt 00:00:06]} Nf6 {[%clk 01:15:44]} {[%emt 00:00:49]} 4.
d4 {[%clk 01:17:11]} {[%emt 00:00:09]} Bb4 {[%clk 01:15:07]} {[%emt 00:01:07]}
5. Nxe5 {[%clk 01:17:18]} {[%emt 00:00:22]} Nxe5 {[%clk 01:15:10]} {[%emt
00:00:25]} 6. dxe5 {[%clk 01:17:20]} {[%emt 00:00:30]} Nxe4 {[%clk 01:15:00]}
{[%emt 00:00:39]} 7. Qd4 {[%clk 01:16:58]} {[%emt 00:00:52]} Nxc3 {[%clk
01:14:17]} {[%emt 00:01:12]} 8. bxc3 {[%clk 01:17:17]} {[%emt 00:00:13]} Ba5
{[%clk 01:12:58]} {[%emt 00:01:49]} 9. Bc4 {[%clk 01:14:55]} {[%emt 00:02:52]}
O-O {[%clk 01:11:36]} {[%emt 00:01:52]} 10. O-O {[%clk 01:14:53]} {[%emt
00:00:32]} Bb6 {[%clk 01:11:17]} {[%emt 00:00:49]} 11. Qf4 {[%clk 01:14:10]}
{[%emt 00:01:12]} Bc5 {[%clk 01:10:10]} {[%emt 00:01:38]} 12. Rb1 {[%clk
01:13:38]} {[%emt 00:01:02]} d6 {[%clk 01:09:41]} {[%emt 00:00:59]} 13. Be3
{[%clk 01:05:38]} {[%emt 00:08:30]} dxe5 {[%clk 01:09:09]} {[%emt 00:01:02]}
14. Qxe5 {[%clk 01:05:00]} {[%emt 00:01:08]} Bd6 {[%clk 01:09:02]} {[%emt
00:00:37]} 15. Qe4 {[%clk 01:02:43]} {[%emt 00:02:47]} Re8 {[%clk 01:05:27]}
{[%emt 00:04:04]} 16. Qf3 {[%clk 01:02:33]} {[%emt 00:00:41]} Rf8 {[%clk
01:03:43]} {[%emt 00:02:13]} 17. h3 {[%clk 00:56:06]} {[%emt 00:06:57]} Rb8
{[%clk 01:00:23]} {[%emt 00:03:51]} 18. Bxa7 {[%clk 00:54:34]} {[%emt
00:02:01]} Ra8 {[%clk 00:59:42]} {[%emt 00:01:12]} 19. Bd4 {[%clk 00:52:45]}
{[%emt 00:02:19]} b6 {[%clk 00:57:30]} {[%emt 00:02:42]} 20. Qxa8 {[%clk
00:47:02]} {[%emt 00:06:13]} c5 {[%clk 00:54:24]} {[%emt 00:03:35]} 21. Be3
{[%clk 00:45:26]} {[%emt 00:02:06]} Qd7 {[%clk 00:54:16]} {[%emt 00:00:38]} 22.
Qf3 {[%clk 00:44:11]} {[%emt 00:01:46]} Bb7 {[%clk 00:54:23]} {[%emt 00:00:23]}
23. Bd5 {[%clk 00:44:05]} {[%emt 00:00:36]} Bc8 {[%clk 00:51:52]} {[%emt
00:03:00]} 24. Rfd1 {[%clk 00:43:18]} {[%emt 00:01:17]} Qe7 {[%clk 00:50:45]}
{[%emt 00:01:37]} 25. Kh1 {[%clk 00:42:37]} {[%emt 00:01:11]} Qe5 {[%clk
00:49:58]} {[%emt 00:01:18]} 26. g3 {[%clk 00:40:11]} {[%emt 00:02:55]} Qxc3
{[%clk 00:49:25]} {[%emt 00:01:03]} 27. Bf4 {[%clk 00:39:21]} {[%emt 00:01:21]}
Qxc2 {[%clk 00:48:55]} {[%emt 00:01:01]} 28. Bxd6 {[%clk 00:39:15]} {[%emt
00:00:35]} Rd8 {[%clk 00:48:45]} {[%emt 00:00:40]} 29. Qxf7+ {[%clk 00:39:28]}
{[%emt 00:00:16]} Kh8 {[%clk 00:49:00]} {[%emt 00:00:16]} 30. Be7 {[%clk
00:39:08]} {[%emt 00:00:50]} h6 {[%clk 00:48:00]} {[%emt 00:01:30]} 31. Bxd8
{[%clk 00:39:03]} {[%emt 00:00:35]} Kh7 {[%emt 00:00:14]} 32. Qg8+ {[%emt
00:00:16]} Kg6 {[%clk 00:47:48]} {[%emt 00:00:12]} 33. Bf7+ {[%clk 00:39:27]}
{[%emt 00:00:07]} Kf5 {[%clk 00:47:44]} {[%emt 00:00:33]} 34. Qh7+ {[%clk
00:39:48]} {[%emt 00:00:09]} g6 {[%clk 00:47:51]} {[%emt 00:00:22]} 35. Qxg6+
{[%clk 00:40:11]} {[%emt 00:00:07]} Ke5 {[%clk 00:48:09]} {[%emt 00:00:13]} 36.
f4# {[%emt 00:00:06]} 1-0

[Event "DEM U10 2021"]
[Site "Willingen GER"]
[Date "2021.08.26"]
[Round "7"]
[White "Deiringer, Julius"]
[Black "Sheng, Ming"]
[Result "1-0"]
[Termination "normal"]
[Board "18"]
[WhiteElo "1274"]
[BlackElo "1266"]
[WhiteClock "00:32:39"]
[BlackClock "00:54:24"]
[PlyCount "51"]
[WhiteFideId "16267010"]
[BlackFideId "34605258"]
[EventCountry "GER"]
[EventRounds "11"]
[EventType "swiss"]
[EventDate "2021.08.22"]

1. e4 {[%clk 01:15:30]} {[%emt 04:15:32]} e5 {[%clk 01:15:54]} {[%emt
00:00:15]} 2. Nf3 {[%clk 01:16:22]} {[%emt 00:00:06]} Nc6 {[%clk 01:16:13]}
{[%emt 00:00:05]} 3. Bb5 {[%clk 01:16:51]} {[%emt 00:00:07]} Nge7 {[%clk
01:16:24]} {[%emt 00:00:18]} 4. O-O {[%clk 01:17:12]} {[%emt 00:00:10]} g6
{[%emt 00:00:18]} 5. c3 {[%clk 01:17:35]} {[%emt 00:00:04]} Bg7 {[%clk
01:16:52]} {[%emt 00:00:10]} 6. d4 {[%clk 01:18:00]} {[%emt 00:00:13]} O-O
{[%clk 01:16:27]} {[%emt 00:00:54]} 7. d5 {[%clk 01:17:04]} {[%emt 00:01:26]}
Nb8 {[%clk 01:15:58]} {[%emt 00:00:36]} 8. d6 {[%clk 01:12:40]} {[%emt
00:05:17]} cxd6 {[%clk 01:15:40]} {[%emt 00:00:48]} 9. Qxd6 {[%clk 01:12:15]}
{[%emt 00:00:55]} Nbc6 {[%clk 01:14:21]} {[%emt 00:01:28]} 10. Nbd2 {[%clk
01:10:46]} {[%emt 00:02:19]} b6 {[%clk 01:10:54]} {[%emt 00:03:14]} 11. Re1
{[%clk 01:08:08]} {[%emt 00:03:52]} Bb7 {[%clk 01:09:55]} {[%emt 00:01:19]} 12.
Nf1 {[%clk 01:04:33]} {[%emt 00:04:14]} h6 {[%clk 01:08:03]} {[%emt 00:02:21]}
13. Ng3 {[%clk 01:02:50]} {[%emt 00:02:15]} Kh7 {[%clk 01:05:37]} {[%emt
00:02:38]} 14. Rd1 {[%clk 01:02:10]} {[%emt 00:01:28]} Bc8 {[%clk 01:03:59]}
{[%emt 00:02:07]} 15. b3 {[%clk 00:56:00]} {[%emt 00:06:41]} f5 {[%clk
01:01:57]} {[%emt 00:02:15]} 16. Ba3 {[%clk 00:49:05]} {[%emt 00:07:43]} f4
{[%clk 01:01:28]} {[%emt 00:00:44]} 17. Ne2 {[%clk 00:49:13]} {[%emt 00:00:37]}
g5 {[%clk 00:58:52]} {[%emt 00:03:00]} 18. Rd2 {[%clk 00:43:39]} {[%emt
00:06:09]} g4 {[%clk 00:57:02]} {[%emt 00:02:18]} 19. Nh4 {[%clk 00:41:29]}
{[%emt 00:02:41]} f3 {[%clk 00:55:35]} {[%emt 00:01:58]} 20. Bxc6 {[%clk
00:37:03]} {[%emt 00:04:56]} Nxc6 {[%clk 00:55:14]} {[%emt 00:00:48]} 21. Qg6+
{[%clk 00:37:18]} {[%emt 00:00:19]} Kh8 {[%clk 00:55:16]} {[%emt 00:00:27]} 22.
Bxf8 {[%clk 00:36:46]} {[%emt 00:01:02]} Bxf8 {[%clk 00:54:55]} {[%emt
00:00:49]} 23. Qxc6 {[%clk 00:34:33]} {[%emt 00:02:46]} Qxh4 {[%clk 00:54:29]}
{[%emt 00:00:52]} 24. Qxa8 {[%clk 00:33:30]} {[%emt 00:01:36]} fxe2 {[%clk
00:54:15]} {[%emt 00:00:45]} 25. Qxc8 {[%clk 00:32:58]} {[%emt 00:01:01]} Qf6
{[%clk 00:54:24]} {[%emt 00:00:21]} 26. Rxe2 {[%clk 00:32:39]} {[%emt
00:00:49]} 1-0

[Event "DEM U10 2021"]
[Site "Willingen GER"]
[Date "2021.08.26"]
[Round "7"]
[White "Moskalenko, Michael"]
[Black "Gulamzada, Elmir"]
[Result "1/2-1/2"]
[Termination "normal"]
[Board "19"]
[WhiteElo "1220"]
[BlackElo "1342"]
[WhiteClock "00:56:39"]
[BlackClock "00:27:41"]
[PlyCount "51"]
[WhiteFideId "34608877"]
[BlackFideId "34604332"]
[EventCountry "GER"]
[EventRounds "11"]
[EventType "swiss"]
[EventDate "2021.08.22"]

1. d4 {[%clk 01:15:58]} {[%emt 00:00:01]} Nf6 {[%clk 01:15:38]} {[%emt
00:00:22]} 2. c4 {[%clk 01:16:19]} {[%emt 00:00:09]} e6 {[%clk 01:14:18]}
{[%emt 00:01:50]} 3. Nf3 {[%clk 01:15:57]} {[%emt 00:00:52]} d5 {[%clk
01:13:07]} {[%emt 00:01:42]} 4. Bg5 {[%clk 01:15:46]} {[%emt 00:00:40]} Be7
{[%clk 01:13:06]} {[%emt 00:00:29]} 5. Nc3 {[%clk 01:15:17]} {[%emt 00:01:01]}
O-O {[%clk 01:12:21]} {[%emt 00:01:14]} 6. e3 {[%clk 01:15:19]} {[%emt
00:00:30]} c5 {[%clk 01:10:44]} {[%emt 00:02:07]} 7. cxd5 {[%clk 01:15:18]}
Nxd5 {[%clk 01:06:10]} {[%emt 00:05:34]} 8. Bxe7 {[%clk 01:14:44]} Qxe7 {[%clk
01:04:55]} {[%emt 00:02:49]} 9. Nxd5 {[%clk 01:12:03]} exd5 {[%clk 01:02:03]}
{[%emt 00:06:33]} 10. Bd3 {[%clk 01:11:51]} Nc6 {[%clk 00:57:36]} {[%emt
00:05:39]} 11. O-O {[%clk 01:11:34]} b6 {[%clk 00:54:36]} {[%emt 00:04:18]} 12.
b3 {[%emt 00:02:49]} Bg4 {[%clk 00:53:34]} 13. Be2 {[%clk 01:10:22]} {[%emt
00:00:55]} Qf6 {[%clk 00:50:23]} {[%emt 00:03:40]} 14. dxc5 {[%clk 01:09:45]}
{[%emt 00:01:07]} Rfd8 {[%clk 00:40:43]} {[%emt 00:10:10]} 15. cxb6 {[%clk
01:09:46]} {[%emt 00:00:29]} axb6 {[%clk 00:39:41]} {[%emt 00:01:33]} 16. h3
{[%clk 01:03:06]} {[%emt 00:07:09]} Bh5 {[%clk 00:38:07]} {[%emt 00:02:04]} 17.
Nd2 {[%clk 00:58:32]} {[%emt 00:05:04]} Bxe2 {[%clk 00:36:22]} {[%emt
00:02:15]} 18. Qxe2 {[%clk 00:58:55]} {[%emt 00:00:08]} Qb2 {[%clk 00:33:16]}
{[%emt 00:03:35]} 19. Rfb1 {[%clk 00:57:32]} {[%emt 00:01:53]} Qc2 {[%clk
00:32:08]} {[%emt 00:01:38]} 20. Qd1 {[%clk 00:57:20]} {[%emt 00:00:42]} Nb4
{[%clk 00:31:20]} {[%emt 00:01:17]} 21. a3 {[%clk 00:56:44]} {[%emt 00:01:06]}
Qxd1+ {[%clk 00:30:21]} {[%emt 00:01:30]} 22. Rxd1 {[%clk 00:56:58]} {[%emt
00:00:15]} Nc2 {[%clk 00:30:04]} {[%emt 00:00:44]} 23. Ra2 {[%clk 00:56:36]}
{[%emt 00:00:57]} Nb4 {[%clk 00:28:40]} {[%emt 00:01:53]} 24. Raa1 {[%clk
00:56:15]} {[%emt 00:00:51]} Nc2 {[%clk 00:27:37]} {[%emt 00:01:34]} 25. Ra2
{[%clk 00:56:39]} {[%emt 00:00:06]} Nb4 {[%clk 00:27:41]} {[%emt 00:00:26]} 26.
Raa1 {[%emt 00:01:36]} 1/2-1/2

[Event "DEM U10 2021"]
[Site "Willingen GER"]
[Date "2021.08.26"]
[Round "7"]
[White "Seth, Aakrit"]
[Black "Langer, Johann Leander"]
[Result "1-0"]
[Termination "normal"]
[Board "20"]
[WhiteElo "1330"]
[BlackElo "1047"]
[WhiteClock "00:31:04"]
[BlackClock "00:37:52"]
[PlyCount "75"]
[WhiteFideId "34604812"]
[BlackFideId "34607463"]
[EventCountry "GER"]
[EventRounds "11"]
[EventType "swiss"]
[EventDate "2021.08.22"]

1. e4 {[%clk 01:15:56]} {[%emt 00:00:04]} d5 {[%clk 01:15:55]} {[%emt
00:00:06]} 2. exd5 {[%clk 01:16:20]} {[%emt 00:00:06]} c6 {[%clk 01:16:18]}
{[%emt 00:00:07]} 3. dxc6 {[%clk 01:15:12]} {[%emt 00:01:38]} Nxc6 {[%clk
01:16:30]} {[%emt 00:00:17]} 4. Bb5 {[%clk 01:08:15]} {[%emt 00:07:24]} Bd7
{[%clk 01:16:09]} {[%emt 00:00:53]} 5. Nf3 {[%clk 01:05:50]} {[%emt 00:02:56]}
e6 {[%clk 01:15:35]} {[%emt 00:01:03]} 6. O-O {[%clk 01:05:06]} {[%emt
00:01:15]} Bc5 {[%clk 01:15:44]} {[%emt 00:00:19]} 7. c3 {[%clk 00:53:10]}
{[%emt 00:12:28]} Nge7 {[%clk 01:15:18]} {[%emt 00:00:53]} 8. d4 {[%clk
00:53:15]} {[%emt 00:00:29]} Bb6 {[%clk 01:14:56]} {[%emt 00:00:50]} 9. Bf4
{[%clk 00:53:25]} {[%emt 00:00:22]} Bc7 {[%clk 01:14:15]} {[%emt 00:01:07]} 10.
Bg3 {[%clk 00:51:22]} {[%emt 00:02:36]} O-O {[%clk 01:14:01]} {[%emt 00:00:44]}
11. Bd3 {[%clk 00:50:07]} {[%emt 00:01:45]} Bxg3 {[%clk 01:09:13]} {[%emt
00:05:18]} 12. hxg3 {[%clk 00:50:11]} {[%emt 00:00:26]} Re8 {[%clk 01:09:20]}
{[%emt 00:00:21]} 13. Nbd2 {[%clk 00:50:21]} {[%emt 00:00:22]} Qc7 {[%clk
01:08:38]} {[%emt 00:01:08]} 14. Qc2 {[%clk 00:50:32]} {[%emt 00:00:23]} g6
{[%clk 01:07:59]} {[%emt 00:01:08]} 15. Qc1 {[%clk 00:49:10]} {[%emt 00:01:54]}
Kg7 {[%clk 01:06:51]} {[%emt 00:01:37]} 16. Ne4 {[%clk 00:47:11]} {[%emt
00:02:30]} f5 {[%clk 01:06:01]} {[%emt 00:01:11]} 17. Ned2 {[%clk 00:43:51]}
{[%emt 00:03:59]} a6 {[%clk 01:05:58]} {[%emt 00:00:32]} 18. Nc4 {[%clk
00:44:05]} {[%emt 00:00:16]} b5 {[%clk 01:05:58]} {[%emt 00:00:28]} 19. Nce5
{[%clk 00:44:27]} {[%emt 00:00:10]} Nxe5 {[%clk 01:05:40]} {[%emt 00:00:48]}
20. Nxe5 {[%clk 00:44:51]} {[%emt 00:00:07]} Nc6 {[%clk 01:05:36]} {[%emt
00:00:28]} 21. Re1 {[%clk 00:44:52]} {[%emt 00:00:35]} Nxe5 {[%emt 00:01:14]}
22. Rxe5 {[%emt 00:00:08]} Rab8 {[%clk 01:03:59]} {[%emt 00:00:41]} 23. Qg5
{[%clk 00:41:40]} {[%emt 00:03:46]} h6 {[%clk 01:02:57]} {[%emt 00:01:29]} 24.
Qh4 {[%clk 00:41:49]} {[%emt 00:00:22]} Rbd8 {[%clk 00:57:42]} {[%emt
00:05:40]} 25. Rae1 {[%clk 00:40:45]} {[%emt 00:01:40]} Rb8 {[%clk 00:49:18]}
{[%emt 00:08:51]} 26. f4 {[%clk 00:40:42]} {[%emt 00:00:37]} Rb6 {[%clk
00:49:08]} {[%emt 00:00:38]} 27. g4 {[%clk 00:40:38]} {[%emt 00:00:36]} Rf8
{[%clk 00:46:40]} {[%emt 00:02:57]} 28. gxf5 {[%clk 00:39:46]} {[%emt
00:01:22]} gxf5 {[%clk 00:46:35]} {[%emt 00:00:35]} 29. R1e3 {[%clk 00:38:59]}
{[%emt 00:01:16]} Qd8 {[%clk 00:45:30]} {[%emt 00:02:40]} 30. Rg3+ {[%clk
00:39:07]} {[%emt 00:00:23]} Kh7 {[%clk 00:45:27]} {[%emt 00:00:31]} 31. Qh2
{[%clk 00:36:20]} {[%emt 00:03:16]} Rg8 {[%clk 00:44:44]} {[%emt 00:01:14]} 32.
Rh3 {[%clk 00:36:29]} {[%emt 00:00:24]} Qf6 {[%clk 00:44:21]} {[%emt 00:00:50]}
33. Ree3 {[%clk 00:34:42]} {[%emt 00:02:18]} Rbb8 {[%clk 00:44:00]} {[%emt
00:00:50]} 34. Rh4 {[%clk 00:34:02]} {[%emt 00:01:11]} Bc6 {[%clk 00:42:02]}
{[%emt 00:02:27]} 35. g4 {[%clk 00:33:44]} {[%emt 00:00:51]} Rg6 {[%clk
00:39:11]} {[%emt 00:03:17]} 36. g5 {[%clk 00:31:58]} {[%emt 00:02:19]} Rbg8
{[%clk 00:38:58]} {[%emt 00:00:40]} 37. Kf1 {[%clk 00:30:48]} {[%emt 00:01:43]}
Qf7 {[%clk 00:37:52]} {[%emt 00:01:09]} 38. Rxh6+ {[%clk 00:31:04]} {[%emt
00:00:40]} 1-0